[Event "21st European Teams"]
[Site "Hersonissos GRE"]
[Date "2017.10.30"]
[Round "3.3"]
[Board "1"]
[White "Saric, Ivan"]
[Black "Aronian, Levon"]
[Result "1/2-1/2"]
[WhiteTitle "GM"]
[BlackTitle "GM"]
[WhiteElo "2662"]
[BlackElo "2801"]
[WhiteTeam "Croatia"]
[BlackTeam "Armenia"]
[WhiteFideId "14508150"]
[BlackFideId "13300474"]
[EventDate "2017.10.28"]

1. e4 e5 2. Nf3 Nc6 3. Bb5 a6 4. Ba4 Nf6 5. O-O Be7 6. Re1 b5 7. Bb3 O-O 8. c3
d5 9. exd5 Nxd5 10. Nxe5 Nxe5 11. Rxe5 c6 12. d3 Bd6 13. Re1 Bf5 14. Qf3 Qh4 15.
g3 Qh3 16. Be3 Bxd3 17. Nd2 Qf5 18. Bd4 Rfe8 19. a4 h6 20. h4 Rxe1+ 21. Rxe1 Rd8
22. Qxf5 Bxf5 23. axb5 axb5 24. Bxd5 cxd5 25. Ra1 b4 26. Ra5 Be6 27. Nf1 bxc3
28. bxc3 Rb8 29. Ne3 Bc7 30. Ra7 Bb6 31. Ra4 Bxd4 32. Rxd4 Rb3 33. Nxd5 Bxd5 34.
Rxd5 1/2-1/2

[Event "21st European Teams"]
[Site "Hersonissos GRE"]
[Date "2017.10.30"]
[Round "3.3"]
[Board "2"]
[White "Movsesian, Sergei"]
[Black "Stevic, Hrvoje"]
[Result "1/2-1/2"]
[WhiteTitle "GM"]
[BlackTitle "GM"]
[WhiteElo "2671"]
[BlackElo "2616"]
[WhiteTeam "Armenia"]
[BlackTeam "Croatia"]
[WhiteFideId "310204"]
[BlackFideId "14502569"]
[EventDate "2017.10.28"]

1. e4 e5 2. Nf3 Nc6 3. Bb5 a6 4. Ba4 d6 5. c3 Bd7 6. d4 g6 7. Bg5 Be7 8. Bxe7
Qxe7 9. O-O Nf6 10. Nbd2 O-O 11. Re1 Rad8 12. a3 Nh5 13. Nf1 Nb8 14. Bc2 c6 15.
Ne3 Nf4 16. a4 Bc8 17. a5 Qf6 18. g3 Nh3+ 19. Kg2 Ng5 20. Ng1 Ne6 21. Qf3 Qe7
22. Rad1 Nc7 23. Qe2 exd4 24. cxd4 d5 25. exd5 Qb4 26. dxc6 Nxc6 27. d5 Nd4 28.
Qd3 Nxc2 29. Qxc2 Nxd5 30. Nxd5 Rxd5 31. Rxd5 Qxe1 32. Qd2 1/2-1/2

[Event "21st European Teams"]
[Site "Hersonissos GRE"]
[Date "2017.10.30"]
[Round "3.3"]
[Board "3"]
[White "Jankovic, Alojzije"]
[Black "Sargissian, Gabriel"]
[Result "1/2-1/2"]
[WhiteTitle "GM"]
[BlackTitle "GM"]
[WhiteElo "2575"]
[BlackElo "2657"]
[WhiteTeam "Croatia"]
[BlackTeam "Armenia"]
[WhiteFideId "14505959"]
[BlackFideId "13300881"]
[EventDate "2017.10.28"]

1. d4 Nf6 2. c4 e6 3. Nf3 d5 4. Bg5 Be7 5. e3 h6 6. Bh4 O-O 7. Nbd2 Nbd7 8. Rc1
c5 9. cxd5 Nxd5 10. Bg3 b6 11. Be2 Bb7 12. O-O Rc8 13. Nb3 N5f6 14. dxc5 Nxc5
15. Nxc5 Rxc5 16. Rxc5 Bxc5 17. Qa4 a5 18. Rd1 Qe7 19. Ne5 Rd8 20. Bf3 Bxf3 21.
Nxf3 Rxd1+ 22. Qxd1 Ne4 23. Qd3 Nxg3 24. hxg3 Qf6 25. Qc2 Qd8 26. a4 Qd5 27. b3
h5 28. Kf1 Kf8 29. Qd2 Ke7 30. Qxd5 exd5 1/2-1/2

[Event "21st European Teams"]
[Site "Hersonissos GRE"]
[Date "2017.10.30"]
[Round "3.3"]
[Board "4"]
[White "Melkumyan, Hrant"]
[Black "Martinovic, Sasa"]
[Result "1/2-1/2"]
[WhiteTitle "GM"]
[BlackTitle "GM"]
[WhiteElo "2642"]
[BlackElo "2565"]
[WhiteTeam "Armenia"]
[BlackTeam "Croatia"]
[WhiteFideId "13302485"]
[BlackFideId "14509792"]
[EventDate "2017.10.28"]

1. d4 Nf6 2. c4 e6 3. g3 d5 4. Bg2 Bb4+ 5. Nd2 O-O 6. Nf3 dxc4 7. a3 Bxd2+ 8.
Bxd2 Nc6 9. e3 b5 10. b3 Bb7 11. O-O Nb8 12. bxc4 bxc4 13. Qc2 Nbd7 14. Qxc4 c5
15. Rfc1 Bd5 16. Qe2 cxd4 17. Nxd4 Bxg2 18. Kxg2 Ne5 19. Qb5 Qd5+ 20. Qxd5 Nxd5
21. Kf1 Rfc8 22. Ke2 Nc4 23. e4 Ndb6 24. Bb4 a5 25. Be1 e5 26. Nb3 f6 27. Ra2
Kf7 28. f3 a4 29. Nd2 Nd6 30. Rxc8 Rxc8 31. Rb2 Nd7 32. Nf1 Rc1 33. Ne3 Nc5 34.
Rb6 Nc8 35. Rb8 Ne7 36. Nf5 Nc6 37. Rc8 Nb3 38. Rc7+ Kf8 39. Kf2 Rc2+ 40. Kf1
Nbd4 41. Rc8+ Kf7 42. Rc7+ Kf8 43. Rc8+ 1/2-1/2

[Event "21st European Teams"]
[Site "Hersonissos GRE"]
[Date "2017.10.30"]
[Round "3.4"]
[Board "1"]
[White "Vocaturo, Daniele"]
[Black "Nisipeanu, Liviu-Dieter"]
[Result "1/2-1/2"]
[WhiteTitle "GM"]
[BlackTitle "GM"]
[WhiteElo "2607"]
[BlackElo "2672"]
[WhiteTeam "Italy"]
[BlackTeam "Germany"]
[WhiteFideId "813192"]
[BlackFideId "1202758"]
[EventDate "2017.10.28"]

1. e4 c6 2. d4 d5 3. e5 Bf5 4. h4 h5 5. Bd3 Bxd3 6. Qxd3 e6 7. Bg5 Be7 8. Nf3
Nh6 9. Nc3 Nf5 10. Ne2 c5 11. c3 cxd4 12. Nexd4 Nxd4 13. cxd4 Qa5+ 14. Ke2 Qa6
15. Qxa6 Nxa6 16. Rac1 f6 17. Bd2 Kf7 18. Rc3 Rac8 19. Rhc1 Rxc3 20. Rxc3 Rd8
21. a3 Nb8 22. Rc7 Rd7 23. Rc8 Rd8 24. Rc7 Rd7 25. Rc8 Rd8 26. Rc7 Rd7 27. Rc8
Rd8 28. Rc7 Rd7 1/2-1/2

[Event "21st European Teams"]
[Site "Hersonissos GRE"]
[Date "2017.10.30"]
[Round "3.4"]
[Board "2"]
[White "Meier, Georg"]
[Black "Brunello, Sabino"]
[Result "1-0"]
[WhiteTitle "GM"]
[BlackTitle "GM"]
[WhiteElo "2655"]
[BlackElo "2555"]
[WhiteTeam "Germany"]
[BlackTeam "Italy"]
[WhiteFideId "4675789"]
[BlackFideId "813613"]
[EventDate "2017.10.28"]

1. Nf3 d5 2. d4 Nf6 3. c4 c6 4. e3 Bf5 5. Nc3 e6 6. Nh4 Be4 7. f3 Bg6 8. Qb3 Qb6
9. Nxg6 hxg6 10. Kf2 Nbd7 11. Qxb6 axb6 12. Bd2 Bd6 13. Be2 dxc4 14. a4 e5 15.
h3 exd4 16. exd4 Bb4 17. Bxc4 Rh5 18. g4 Rha5 19. h4 Kf8 20. Rae1 Re8 21. Ra1
Rea8 22. Rad1 Bxc3 23. Bxc3 Rxa4 24. Bb3 Nd5 25. Bxa4 Rxa4 26. Ra1 b5 27. b3
Rxa1 28. Bxa1 Ke7 29. Bb2 Nf8 30. Ra1 Kd7 31. Bc1 Ne6 32. Be3 f5 33. Ke2 Kd6 34.
Ra7 b6 35. Bf2 c5 36. dxc5+ bxc5 37. Bg3+ f4 38. Bf2 Nb4 39. Rb7 Nc6 40. h5 gxh5
41. gxh5 Kd5 42. Bg1 Ke5 43. Kd2 Kf6 44. Rb6 Ne5 45. Ke2 c4 46. Bd4 cxb3 47. Bb2 1-0

[Event "21st European Teams"]
[Site "Hersonissos GRE"]
[Date "2017.10.30"]
[Round "3.4"]
[Board "3"]
[White "Dvirnyy, Danyyil"]
[Black "Bluebaum, Matthias"]
[Result "0-1"]
[WhiteTitle "GM"]
[BlackTitle "GM"]
[WhiteElo "2542"]
[BlackElo "2643"]
[WhiteTeam "Italy"]
[BlackTeam "Germany"]
[WhiteFideId "817570"]
[BlackFideId "24651516"]
[EventDate "2017.10.28"]

1. d4 Nf6 2. c4 e6 3. Nf3 d5 4. Nc3 Bb4 5. Bg5 h6 6. Bxf6 Qxf6 7. Qa4+ Nc6 8. e3
O-O 9. Be2 Bd7 10. Qb3 dxc4 11. Qxc4 Qe7 12. O-O Na5 13. Qd3 c5 14. dxc5 Bxc5
15. Ne4 Rfd8 16. Nxc5 Qxc5 17. Rac1 Qb6 18. Qd4 Qxd4 19. Nxd4 Rac8 20. f4 Nc6
21. Kf2 Nxd4 22. exd4 Bc6 23. Rfd1 Bd5 24. a3 Kf8 25. g3 Ke7 26. Ke3 Kd6 27. Bd3
f5 28. Rg1 Rxc1 29. Rxc1 g5 30. h3 Bc6 31. Be2 Ke7 32. Rd1 Kf6 33. Rg1 Bd5 34.
Rc1 Bc6 35. Rg1 Be4 36. h4 Bc6 37. Bd3 Rg8 38. Kf2 Bd5 39. Be2 Be4 40. Rc1 gxf4
41. gxf4 Rg2+ 42. Ke3 Bc6 43. b4 a6 44. Rc3 Ke7 45. Bd1 Kd6 46. Be2 Kc7 47. d5
exd5 48. Bf3 Rh2 49. Rd3 Rxh4 50. Rd4 Rh2 51. Bxd5 Rh3+ 52. Kd2 Rxa3 53. Be6 Be4
54. Bd5 Bxd5 55. Rxd5 Rb3 56. Rxf5 Rxb4 57. Ke3 Rb6 58. Ke4 Kd7 59. Rf8 a5 60.
f5 a4 61. Ra8 Ra6 62. Rb8 Kc7 63. Rg8 a3 64. Rg7+ Kc8 65. Rg8+ Kd7 66. Rg7+ Ke8 0-1

[Event "21st European Teams"]
[Site "Hersonissos GRE"]
[Date "2017.10.30"]
[Round "3.4"]
[Board "4"]
[White "Svane, Rasmus"]
[Black "Godena, Michele"]
[Result "1-0"]
[WhiteTitle "GM"]
[BlackTitle "GM"]
[WhiteElo "2595"]
[BlackElo "2489"]
[WhiteTeam "Germany"]
[BlackTeam "Italy"]
[WhiteFideId "4657101"]
[BlackFideId "800090"]
[EventDate "2017.10.28"]

1. c4 e5 2. g3 Nf6 3. Bg2 c6 4. Nf3 e4 5. Nd4 d5 6. d3 exd3 7. Qxd3 dxc4 8. Qxc4
Nbd7 9. O-O Nb6 10. Qd3 Be7 11. Rd1 O-O 12. Qc2 Bd7 13. e4 Qc8 14. a4 a5 15. Be3
Re8 16. Nd2 Bb4 17. Ne2 Ra6 18. Nf4 Ng4 19. Bc5 Bxc5 20. Qxc5 Qc7 21. Nb3 Nf6
22. Qc3 Raa8 23. Nc5 Bg4 24. Rd2 Nbd7 25. Nxd7 Bxd7 26. Rad1 Bg4 27. f3 Be6 28.
e5 Qb6+ 29. Qd4 Qxd4+ 30. Rxd4 Nd5 31. Nxd5 Bxd5 32. f4 Bxg2 33. Kxg2 Kf8 34.
Kf3 Ra6 35. R1d3 Rb6 36. b3 f6 37. exf6 gxf6 38. Kg4 c5 39. Rd5 Rc6 40. Kf5 Re2
41. Rd8+ Re8 42. R8d6 Rec8 43. Kxf6 R8c7 44. f5 c4 45. bxc4 Rf7+ 46. Ke5 Rxc4
47. f6 Rfc7 48. Rd8+ Kf7 49. R3d7+ Rxd7 50. Rxd7+ Kg6 51. Rg7+ Kh6 52. g4 Rc5+
53. Kf4 Rc4+ 54. Kg3 Rc3+ 55. Kh4 Rc4 56. Rg8 1-0

[Event "21st European Teams"]
[Site "Hersonissos GRE"]
[Date "2017.10.30"]
[Round "3.5"]
[Board "2"]
[White "Bauer, Christian"]
[Black "Rodshtein, Maxim"]
[Result "0-1"]
[WhiteTitle "GM"]
[BlackTitle "GM"]
[WhiteElo "2647"]
[BlackElo "2699"]
[WhiteTeam "France"]
[BlackTeam "Israel"]
[WhiteFideId "603767"]
[BlackFideId "2806851"]
[EventDate "2017.10.28"]

1. Nf3 d5 2. g3 g6 3. c4 dxc4 4. Qa4+ Nc6 5. Qxc4 Bg7 6. d3 e5 7. Ng5 Nh6 8. Nc3
Nd4 9. Nb5 O-O 10. Nxd4 exd4 11. Bf4 c6 12. Bg2 Nf5 13. O-O h6 14. Ne4 Be6 15.
Qb4 b6 16. Qa4 Bd5 17. Rfc1 g5 18. Bd2 Ne7 19. Be1 a5 20. b4 f5 21. Nd2 b5 22.
Qc2 axb4 23. Nb3 Bxg2 24. Kxg2 Re8 25. Bxb4 Nd5 26. a3 Rc8 27. Kg1 Qd7 28. Re1
f4 29. Nc5 Qh3 30. Ne4 Rxe4 31. dxe4 Ne3 32. fxe3 fxg3 33. Qb3+ Kh8 34. hxg3
Qxg3+ 35. Kf1 dxe3 36. Qf7 Qh3+ 37. Kg1 Be5 38. Qf3 Bh2+ 39. Kh1 Bg3+ 0-1

[Event "21st European Teams"]
[Site "Hersonissos GRE"]
[Date "2017.10.30"]
[Round "3.5"]
[Board "3"]
[White "Smirin, Ilia"]
[Black "Fressinet, Laurent"]
[Result "1/2-1/2"]
[WhiteTitle "GM"]
[BlackTitle "GM"]
[WhiteElo "2635"]
[BlackElo "2657"]
[WhiteTeam "Israel"]
[BlackTeam "France"]
[WhiteFideId "2801990"]
[BlackFideId "608742"]
[EventDate "2017.10.28"]

1. e4 e5 2. Nf3 Nc6 3. Bb5 a6 4. Ba4 Nf6 5. O-O Be7 6. Re1 b5 7. Bb3 O-O 8. d3
d6 9. c3 Na5 10. Bc2 c5 11. Nbd2 Nc6 12. Nf1 Re8 13. Ng3 Be6 14. h3 h6 15. d4
cxd4 16. cxd4 exd4 17. Nxd4 Nxd4 18. Qxd4 Rc8 19. Bb3 d5 20. e5 Bc5 21. Qf4 Ne4
22. Nxe4 dxe4 23. Qxe4 Qd4 24. Qf3 Bxb3 25. axb3 Rxe5 26. Rxe5 Qxe5 27. Bxh6
Qxb2 28. Rxa6 gxh6 29. Qg4+ Kh7 30. Qf5+ Kg7 31. Qg4+ 1/2-1/2

[Event "21st European Teams"]
[Site "Hersonissos GRE"]
[Date "2017.10.30"]
[Round "3.5"]
[Board "4"]
[White "Maze, Sebastien"]
[Black "Nabaty, Tamir"]
[Result "1/2-1/2"]
[WhiteTitle "GM"]
[BlackTitle "GM"]
[WhiteElo "2614"]
[BlackElo "2661"]
[WhiteTeam "France"]
[BlackTeam "Israel"]
[WhiteFideId "613762"]
[BlackFideId "2809052"]
[EventDate "2017.10.28"]

1. e4 e5 2. Nf3 Nc6 3. Bb5 Bc5 4. c3 Nf6 5. d3 O-O 6. O-O d6 7. Nbd2 a6 8. Ba4
Ba7 9. h3 Ne7 10. Re1 Ng6 11. Nf1 h6 12. Ng3 Nh7 13. d4 Qf6 14. Be3 Ng5 15. Nxg5
hxg5 16. Nf1 Nf4 17. Nh2 g6 18. Bb3 Kg7 19. dxe5 dxe5 20. Qf3 Bxe3 21. Rxe3 Rd8
22. Rd1 Be6 23. Ree1 Bxb3 24. axb3 a5 25. g3 Ne6 26. Qxf6+ Kxf6 27. Ng4+ Ke7 28.
Nxe5 Nc5 29. Rd5 Nxb3 30. Rb5 Nd2 31. Rxb7 Kd6 32. Rb5 f6 33. Re2 Ke6 34. Nc6
Rd3 35. Nxa5 g4 36. Rxd2 Rxd2 37. hxg4 Re2 38. Nb3 Kd6 39. Nd4 Rxe4 40. g5 Re5
41. gxf6 Rxb5 42. Nxb5+ Kd7 43. Nd4 Rf8 44. f4 Rxf6 45. Kf2 Ra6 46. Ke3 c5 47.
Nf3 Ke6 48. Ne5 g5 49. Nd3 gxf4+ 50. Nxf4+ Ke5 51. Kd3 Ra4 52. b3 c4+ 53. bxc4
Ra6 54. Ke3 Ra1 55. Nd3+ 1/2-1/2

[Event "21st European Teams"]
[Site "Hersonissos GRE"]
[Date "2017.10.30"]
[Round "3.6"]
[Board "1"]
[White "Wojtaszek, Radoslaw"]
[Black "Adams, Michael"]
[Result "1-0"]
[WhiteTitle "GM"]
[BlackTitle "GM"]
[WhiteElo "2737"]
[BlackElo "2727"]
[WhiteTeam "Poland"]
[BlackTeam "England"]
[WhiteFideId "1118358"]
[BlackFideId "400041"]
[EventDate "2017.10.28"]

1. d4 Nf6 2. c4 e6 3. g3 d5 4. Bg2 Be7 5. Nf3 O-O 6. O-O dxc4 7. Qc2 a6 8. a4
Bd7 9. Qxc4 Bc6 10. Bf4 Bd6 11. Qc1 Nbd7 12. Nc3 Qe7 13. a5 h6 14. Re1 Bxf3 15.
Bxf3 Bxf4 16. Qxf4 c6 17. Red1 Rfe8 18. Qe3 Rad8 19. Bg2 Nd5 20. Qc1 N7f6 21.
Na4 e5 22. e3 exd4 23. Rxd4 Nc7 24. Rxd8 Rxd8 25. Qc5 Qd7 26. Qb4 Nb5 27. Nc5
Qc7 28. Qf4 Qe7 29. Rc1 Nc7 30. Qb4 Nb5 31. Nxa6 Qxb4 32. Nxb4 Rd2 33. Rc2 Rd1+
34. Bf1 Nd5 35. Nxd5 Rxd5 36. a6 bxa6 37. Rxc6 a5 38. Rc8+ Kh7 39. Bc4 Rd1+ 40.
Kg2 Nd6 41. Rd8 f5 42. Be2 Rd2 43. Kf1 Ne4 44. Rxd2 Nxd2+ 45. Ke1 Nb3 46. Bd3 g6
47. Bc2 Nc5 48. Kd2 Nd7 49. Kc3 Ne5 50. Bd1 Kg7 51. f4 Nc6 52. Kc4 Nb4 53. Kb5
Nd5 54. Kxa5 Nxe3 55. Bf3 1-0

[Event "21st European Teams"]
[Site "Hersonissos GRE"]
[Date "2017.10.30"]
[Round "3.6"]
[Board "3"]
[White "Piorun, Kacper"]
[Black "Howell, David W L"]
[Result "1/2-1/2"]
[WhiteTitle "GM"]
[BlackTitle "GM"]
[WhiteElo "2640"]
[BlackElo "2698"]
[WhiteTeam "Poland"]
[BlackTeam "England"]
[WhiteFideId "1130420"]
[BlackFideId "410608"]
[EventDate "2017.10.28"]

1. e4 e5 2. Nf3 Nc6 3. Bb5 Nf6 4. O-O Nxe4 5. Re1 Nd6 6. Nxe5 Be7 7. Bf1 Nxe5 8.
Rxe5 O-O 9. d4 Bf6 10. Re1 Re8 11. Bf4 Rxe1 12. Qxe1 Ne8 13. Qc3 d5 14. Nd2 c6
15. Re1 g6 16. b4 Ng7 17. Nb3 Ne6 18. Be5 Bd7 19. Qg3 Bxe5 20. Rxe5 Qf8 21. a3
Rd8 22. Re1 b6 23. c4 dxc4 24. Bxc4 Bc8 25. Qe5 Qe7 26. f4 Qd6 27. Qf6 b5 28.
Bxe6 Bxe6 29. f5 gxf5 30. Re3 Bxb3 31. Re8+ Rxe8 32. Qxd6 Bd5 33. Kf2 Kg7 34.
Qg3+ Kf6 35. Qc7 a6 36. g3 h6 37. Qf4 Kg6 38. h4 Re6 39. Qb8 Kg7 40. Qc8 Bc4 41.
Qxa6 Bb3 42. Qa7 Kg8 43. Qc5 Kg7 44. Qc3 Bd5 45. Qc5 Bb3 46. Kg1 Re1+ 47. Kg2
Bd5+ 48. Kf2 Ra1 49. Qc3 Rb1 50. Qc2 Be4 51. Qc3 Bd5 52. Qc2 Be4 53. Qc3 1/2-1/2

[Event "21st European Teams"]
[Site "Hersonissos GRE"]
[Date "2017.10.30"]
[Round "3.6"]
[Board "4"]
[White "Jones, Gawain C B"]
[Black "Bartel, Mateusz"]
[Result "1/2-1/2"]
[WhiteTitle "GM"]
[BlackTitle "GM"]
[WhiteElo "2662"]
[BlackElo "2613"]
[WhiteTeam "England"]
[BlackTeam "Poland"]
[WhiteFideId "409561"]
[BlackFideId "1112635"]
[EventDate "2017.10.28"]

1. e4 e6 2. d4 d5 3. Nd2 c5 4. Ngf3 cxd4 5. Nxd4 Nc6 6. Bb5 Bd7 7. Nxc6 bxc6 8.
Bd3 Qc7 9. Qe2 Ne7 10. Nf3 Ng6 11. e5 c5 12. c4 dxc4 13. Bxc4 Bc6 14. O-O Be7
15. Re1 O-O 16. Bd3 Rad8 17. Be4 Qb7 18. Bxc6 Qxc6 19. Bd2 Rd5 20. Qe4 Qa6 21.
Bc3 Rfd8 22. h4 h6 23. h5 Nf8 24. Qe2 Qxe2 25. Rxe2 Nd7 26. Rae1 Nb6 27. Nd2 c4
28. g3 Na4 29. Ne4 Rb8 30. Rc2 Bb4 31. Bxb4 Rxb4 32. Nd6 Nb6 33. b3 cxb3 34.
axb3 f6 35. Nc8 Rxe5 36. Ne7+ Kf7 37. Rxe5 fxe5 38. Rc7 Rxb3 39. Ng6+ Kf6 40.
Rxa7 Nd5 41. Nf8 e4 42. Nh7+ Ke5 43. Rxg7 Rb1+ 44. Kh2 Rb2 45. Kg1 e3 46. fxe3
Nxe3 47. Nf8 Nf5 48. Rg4 Kd5 49. Nd7 Rb1+ 1/2-1/2

[Event "21st European Teams"]
[Site "Hersonissos GRE"]
[Date "2017.10.30"]
[Round "3.7"]
[Board "3"]
[White "Korneev, Oleg"]
[Black "Naiditsch, Arkadij"]
[Result "0-1"]
[WhiteTitle "GM"]
[BlackTitle "GM"]
[WhiteElo "2557"]
[BlackElo "2702"]
[WhiteTeam "Spain"]
[BlackTeam "Azerbaijan"]
[WhiteFideId "4156803"]
[BlackFideId "4650891"]
[EventDate "2017.10.28"]

1. e4 c5 2. Nf3 Nc6 3. d4 cxd4 4. Nxd4 e5 5. Nb5 d6 6. N1c3 a6 7. Na3 b5 8. Nd5
Nge7 9. c4 Nxd5 10. cxd5 Nd4 11. Bd3 g6 12. O-O Bg7 13. Be3 O-O 14. Bxd4 exd4
15. Nc2 Bd7 16. Qd2 Rc8 17. Ne1 Qb6 18. Nf3 a5 19. a3 Rc5 20. h3 Rb8 21. Rfc1 h6
22. Rc2 a4 23. Rac1 Rbc8 24. Kh2 Qd8 25. Kg1 h5 26. Qb4 Qe7 27. Nxd4 Qg5 28. Nf3
Qxc1+ 29. Rxc1 Rxc1+ 30. Kh2 R1c5 31. g3 Bf6 32. Kg2 Kg7 33. h4 Bg4 34. Nh2 Bd1
35. Nf3 Bb3 36. Qd2 R8c7 37. Qf4 Rd7 38. Qd2 Rd8 39. Kh2 Rdc8 40. Kg2 Bc4 41.
Ne1 Rb8 42. Qb4 Re8 43. Qd2 Bxd3 44. Nxd3 Rc4 45. f3 Rec8 46. Nb4 Rd4 47. Qe1
Rdc4 48. Qd2 R8c5 49. Qe2 Bd8 50. e5 dxe5 51. Qxe5+ Bf6 52. Qe2 Rd4 53. Qe1 Rc7
54. Kh3 Re7 55. Qf2 Rd1 56. f4 Bd4 57. Qf3 Ree1 58. Kh2 Rd2+ 59. Kh3 Rf2 0-1

[Event "21st European Teams"]
[Site "Hersonissos GRE"]
[Date "2017.10.30"]
[Round "3.7"]
[Board "4"]
[White "Mamedov, Rauf"]
[Black "Ibarra Jerez, Jose Carlos"]
[Result "1/2-1/2"]
[WhiteTitle "GM"]
[BlackTitle "GM"]
[WhiteElo "2678"]
[BlackElo "2561"]
[WhiteTeam "Azerbaijan"]
[BlackTeam "Spain"]
[WhiteFideId "13401653"]
[BlackFideId "2226332"]
[EventDate "2017.10.28"]

1. e4 e5 2. Nf3 Nc6 3. Bc4 Bc5 4. c3 Nf6 5. d3 O-O 6. a4 d5 7. exd5 Nxd5 8. b4
Be7 9. O-O a6 10. Re1 Bg4 11. h3 Bh5 12. Ra2 f6 13. Rd2 Kh8 14. d4 Nf4 15. b5
axb5 16. axb5 Na5 17. Bf1 Qe8 18. Rb2 Qf7 19. Bxf4 exf4 20. Bd3 Bd6 21. Nbd2 b6
22. Rb1 f5 23. Qc2 Qf6 24. Ne5 Rad8 25. Be2 Be8 26. Bf3 h5 27. Ndc4 Nxc4 28.
Nxc4 g5 29. Bd5 Qg7 30. Bc6 Bxc6 31. bxc6 g4 32. hxg4 f3 33. Qd3 hxg4 34. Re6
Bf4 35. g3 Bg5 36. Rbe1 Qh7 37. Ne5 Rf6 38. Rxf6 Bxf6 39. Nd7 Bg5 40. d5 Qh3 41.
Qf1 Qh5 42. Re6 Ra8 43. Qe1 Qh3 44. Qe5+ Kh7 45. Qxf5+ Kh8 46. Qe5+ Kh7 47. Qe4+
Kh8 48. Re8+ Rxe8 49. Qxe8+ Kg7 50. Qe5+ Kh7 51. Qf5+ Kh6 52. Qf8+ Kh7 53. Qf7+
Kh6 54. Qe6+ Kg7 55. Qe5+ Kh7 56. Nf8+ Kg8 57. Qxg5+ Kxf8 58. Qd8+ Kf7 59. Qxc7+
Kg8 60. Qd8+ Kf7 61. Qd7+ Kf8 62. Qf5+ Kg7 63. Qe5+ Kf7 64. Qf4+ Kg8 65. Qg5+
Kf7 66. Qf5+ Kg7 67. Qe5+ Kf7 68. Qc7+ Kg8 69. Qd8+ Kf7 1/2-1/2

[Event "21st European Teams"]
[Site "Hersonissos GRE"]
[Date "2017.10.30"]
[Round "3.8"]
[Board "1"]
[White "Papaioannou, Ioannis"]
[Black "Lupulescu, Constantin"]
[Result "0-1"]
[WhiteTitle "GM"]
[BlackTitle "GM"]
[WhiteElo "2652"]
[BlackElo "2620"]
[WhiteTeam "Greece 1"]
[BlackTeam "Romania"]
[WhiteFideId "4201345"]
[BlackFideId "1207822"]
[EventDate "2017.10.28"]

1. d4 d5 2. c4 e6 3. Nf3 Nf6 4. g3 Bb4+ 5. Nbd2 dxc4 6. a3 Bxd2+ 7. Bxd2 Bd7 8.
e3 Bb5 9. b3 Qd5 10. bxc4 Bxc4 11. Bxc4 Qxc4 12. Rc1 Qa6 13. Rxc7 Nc6 14. Qb3
Rb8 15. Rxf7 Nxd4 16. exd4 Kxf7 17. Ne5+ Kg8 18. Nd3 Kf7 19. Ne5+ Kg8 20. Nd3
Qb6 21. Qa2 Re8 22. O-O Qxd4 23. Nf4 Nd5 24. Rb1 b6 25. Rb5 Nxf4 26. Bxf4 Qd3
27. Qb2 Kf7 28. Rg5 Rhg8 29. Be5 Rd8 0-1

[Event "21st European Teams"]
[Site "Hersonissos GRE"]
[Date "2017.10.30"]
[Round "3.8"]
[Board "2"]
[White "Parligras, Mircea-Emilian"]
[Black "Banikas, Hristos"]
[Result "1/2-1/2"]
[WhiteTitle "GM"]
[BlackTitle "GM"]
[WhiteElo "2616"]
[BlackElo "2584"]
[WhiteTeam "Romania"]
[BlackTeam "Greece 1"]
[WhiteFideId "1204297"]
[BlackFideId "4202031"]
[EventDate "2017.10.28"]

1. d4 Nf6 2. c4 e6 3. Nf3 b6 4. Bf4 Bb7 5. e3 Nh5 6. Bg5 Be7 7. Bxe7 Qxe7 8. Nc3
O-O 9. Bd3 d6 10. O-O Nd7 11. Re1 g6 12. e4 c5 13. Bf1 cxd4 14. Qxd4 Rfd8 15.
Rad1 Ndf6 16. b4 Rac8 17. a3 Ba6 18. b5 Bb7 19. a4 Qc7 20. a5 e5 21. axb6 axb6
22. Qe3 Nf4 23. g3 Ne6 24. Nd5 Bxd5 25. cxd5 Nc5 26. Nd2 Ra8 27. Ra1 Ra7 28. f3
Rda8 29. Qc3 Rxa1 30. Rxa1 Rxa1 1/2-1/2

[Event "21st European Teams"]
[Site "Hersonissos GRE"]
[Date "2017.10.30"]
[Round "3.8"]
[Board "3"]
[White "Mastrovasilis, Dimitrios"]
[Black "Deac, Bogdan-Daniel"]
[Result "1/2-1/2"]
[WhiteTitle "GM"]
[BlackTitle "GM"]
[WhiteElo "2571"]
[BlackElo "2560"]
[WhiteTeam "Greece 1"]
[BlackTeam "Romania"]
[WhiteFideId "4202694"]
[BlackFideId "1226380"]
[EventDate "2017.10.28"]

1. e4 c6 2. d4 d5 3. Nd2 dxe4 4. Nxe4 Bf5 5. Qf3 e6 6. Ne2 Nd7 7. N2g3 Bg6 8. h4
h6 9. Bd3 Be7 10. Bf4 Bxe4 11. Nxe4 Ngf6 12. Nd6+ Bxd6 13. Bxd6 Qb6 14. Qf4 Qxb2
15. O-O Nd5 16. Qe4 N5f6 17. Qe3 Nd5 18. Qe4 N5f6 19. Qe3 Nd5 20. Qe4 N5f6 1/2-1/2

[Event "21st European Teams"]
[Site "Hersonissos GRE"]
[Date "2017.10.30"]
[Round "3.8"]
[Board "4"]
[White "Nevednichy, Vladislav"]
[Black "Halkias, Stelios"]
[Result "1-0"]
[WhiteTitle "GM"]
[BlackTitle "GM"]
[WhiteElo "2524"]
[BlackElo "2583"]
[WhiteTeam "Romania"]
[BlackTeam "Greece 1"]
[WhiteFideId "1205730"]
[BlackFideId "4201809"]
[EventDate "2017.10.28"]

1. e4 c5 2. Nf3 e6 3. d4 cxd4 4. Nxd4 Nc6 5. Nc3 Qc7 6. Qd3 Nf6 7. Ndb5 Qb8 8.
Qg3 d6 9. Be3 a6 10. Nd4 Bd7 11. f4 h5 12. h3 b5 13. Bd3 Nxd4 14. Bxd4 b4 15.
Nd1 Bc6 16. Nf2 Qb7 17. Qe3 Nd7 18. e5 g5 19. f5 dxe5 20. fxe6 exd4 21. exd7+
Kxd7 22. Qxd4+ Bd6 23. Ne4 Bxe4 24. Bxe4 Qxe4+ 25. Qxe4 Rae8 26. Qe2 f5 27. Rd1
Kc6 28. Rd3 f4 29. c3 a5 30. Kd1 Rxe2 31. Kxe2 Re8+ 32. Kf3 Rg8 33. cxb4 axb4
34. Rc1+ Bc5 35. a3 Kb6 36. a4 Be3 37. Rc4 g4+ 38. hxg4 hxg4+ 39. Ke2 Re8 40.
Rxb4+ Ka5 41. Rc4 Rf8 42. Rd5+ Kb6 43. b4 Kb7 44. Rg5 1-0

[Event "21st European Teams"]
[Site "Hersonissos GRE"]
[Date "2017.10.30"]
[Round "3.9"]
[Board "1"]
[White "Kryvoruchko, Yuriy"]
[Black "Ferreira, Jorge Viterbo"]
[Result "1-0"]
[WhiteTitle "GM"]
[BlackTitle "IM"]
[WhiteElo "2692"]
[BlackElo "2499"]
[WhiteTeam "Ukraine"]
[BlackTeam "Portugal"]
[WhiteFideId "14109182"]
[BlackFideId "1910850"]
[EventDate "2017.10.28"]

1. e4 e5 2. Nf3 Nc6 3. Bb5 a6 4. Ba4 Nf6 5. O-O Be7 6. Re1 b5 7. Bb3 d6 8. c3
O-O 9. h3 Nb8 10. d4 Nbd7 11. Nbd2 Bb7 12. Bc2 Re8 13. Nf1 Bf8 14. Ng3 g6 15. a4
c5 16. d5 c4 17. Bg5 Nc5 18. Qd2 Be7 19. Ra3 Nfd7 20. h4 Nxa4 21. Bxa4 bxa4 22.
Rxa4 a5 23. Be3 Qc7 24. Rea1 Nc5 25. Bxc5 Qxc5 26. Nf1 Bd8 27. Qh6 f6 28. Ne3
Ba6 29. h5 g5 30. Nf5 Ra7 31. Rxa5 Bxa5 32. Qxf6 1-0